000 00738nam a2200241Ia 4500
003 OSt
005 20220926044752.0
006 a|||||r|||| 00| 0
007 ta
008 220923b |||||||| |||| 00| 0 eng d
037 _cGeneral Book
040 _aRTL
_cRTL
_beng
041 _2eng
_aeng
082 _aV2.J22<--H47, A
100 _aFirishta Muhammad Kasim
_9349417
245 0 _aBahmani kingdom of Kulbarga Tr by John Briggs
260 _c1958
300 _axxi,325p. Bib p. 296-316 Appendix 245-295
_ccm.
500 _aHistory of the rise of the Muhammadan power in India V2. Part 1
650 _aIndian Histroy
942 _hV2.J22<--H47, A
_cGB
_2CC
999 _c675772
_d675772